000 00804nam a2200277Ia 4500
005 20260324120556.0
008 008 260324s9999 xx 000 0 eng d
020 _a9788743802679
037 _aEBOOK
040 _aCRL
040 _beng
040 _cCRL
041 _2eng
041 _aeng
084 _qCRL
100 _aH. Sezer Atamturktur; Tyler Schoenherr; Costas Papadimitriou; Babak Moaveni
_91159119
245 0 _aModel Validation and Uncertainty Quantification, Volume 3
245 0 _bProceedings of the 33rd IMAC, A Conference and Exposition on Structural Dynamics, 2015
260 _bTaylor and Francis
260 _c2015
365 _a
856 _uhttp://www.taylorfrancis.com/books/9788743802679
942 _cEBOOK
999 _c1750727
_d1750727